000 00449nam a2200181Ia 4500
005 20240823010045.0
008 240823s9999||||xx |||||||||||||| ||und||
041 _aENGLISH
082 _A621.4021 N9
100 _a"Joel,Rayner"
245 0 _aBasic Engineering Thermodynamics
250 _a5th
260 _c1999
_b"AWL,England"
500 _aTRANSFERED
650 _aThermodynamics
_bAeronautical Engineering
942 _cBK
999 _c157509
_d157509